Účtovníctvo komerčných poisťovní v kontexte s prechodom na IAS/IFRS

Príprava nových učebných textov. Analýza rozdielov pri účtovaní a vykazovaní podľa národnej právnej úpravy platnej do roku 2005. Problémy poisťovní v súvislosti s prechodom na medzinárodné účtovné normy.

Salvato in:
Dettagli Bibliografici
Autore principale: Meluchová, Jitka, 1965-
Natura: Capitolo di libro
Lingua:slovacco
Soggetti:
Tags: Aggiungi Tag
Nessun Tag, puoi essere il primo ad aggiungerne!!

MARC

LEADER 00000naa$a2200000$$$4500
001 0057459
005 20240502071640.4
041 0 |a slo 
044 |a SK 
245 1 0 |a Účtovníctvo komerčných poisťovní v kontexte s prechodom na IAS/IFRS  |c Jitka Meluchová 
520 |a Príprava nových učebných textov. Analýza rozdielov pri účtovaní a vykazovaní podľa národnej právnej úpravy platnej do roku 2005. Problémy poisťovní v súvislosti s prechodom na medzinárodné účtovné normy. 
610 2 0 |a účtovníctvo 
610 2 0 |a poisťovne komerčné 
610 2 0 |a IFRS 
610 2 0 |a granty 
610 2 0 |a učebnice 
100 1 |a Meluchová, Jitka, 1965-